Zložitá cesta k poľským voľbám

Bibliographic Details
Main Author: Fridner, Peter (Author)
Format: Article
Language:Slovak
Subjects:

MARC

LEADER 00000nab a2200000 a 4500
001 vtls000557630
003 SK-MaSNL
005 20260303233348.0
008 150501c1995 xo 0 slo
015 |a SNBRB19rr/mm-uuuuu 
035 |a CL0557768 
040 |a SNKBUCL  |b slo  |c SNKBUCL  |e AACR2 
041 0 |a slo 
044 |a xo  |c SK 
080 |a 323(438)  |2 1981 
100 1 |a Fridner, Peter  |4 aut  |9 397406 
245 1 0 |a Zložitá cesta k poľským voľbám  |c Peter Fridner 
650 0 7 |a vnútorná politika  |2 snkbucl  |9 970 
651 7 |a Poľsko  |2 snkbucl  |9 16755 
655 7 |a články z novín a časopisov  |2 snkbucl  |9 267496 
773 0 |t Národná obroda  |g Roč. 6, č. 185 (10. 8. 1995), s. 7 
850 |a Slovenská národná knižnica v Martine  |a MTA001 
852 |a SNK  |b KIS3GCP 
958 |a RK 
958 |a PL 
992 |a RBX 
999 |c 2514821  |d 2516751